Statistics for Countries With The Most Climate Zones

Click here to take the quiz!

General Stats

  • This quiz has been taken 42 times
  • The average score is 10 of 13

Answer Stats

Climate ZonesCountry% Correct
18China
100%
13Mexico
100%
10Russia
97%
18United States
97%
10Australia
92%
16India
92%
11South Africa
78%
10Colombia
75%
10Turkey
75%
13Peru
69%
12Bolivia
61%
10Ecuador
50%
10Nepal
14%

Score Distribution

Percentile by Number Answered

Percent of People with Each Score

Your Score History

You have not taken this quiz